000 01014pam a2200325 i 4500
001 vtls000739327
003 PNM
005 20221218101603.0
008 160506s2014 my e 000 f may
015 _aM15-03675
020 _a9789670567327
_qpaperback
_cRM00.00
039 9 _a201605061058
_bVLOAD
_c201604260932
_dVLOAD
_c201506021543
_dnooraini
_c201506021536
_dnooraini
040 _aBNM
_beng
_cBNM
_dBNM
_dPPAK
_erda
049 _amal
082 0 4 _a899.2333
_223
090 0 0 _a899.2333
_bLIE
_dG
100 0 _aLieya Ieza,
_eauthor.
245 1 0 _aMr. Fussy or Mr. Cool? /
_cLieya leza ; Editor: Jabatan Editorial P2u
264 1 _aCheras, Selangor :
_bPenulisan Enterprise ,
_c2014
300 _a616 pages ;
_c19 cm
336 _atext
_2rdacontent
337 _aunmediated
_2rdamedia
338 _avolume
_2rdacarrier
650 1 0 _aMalaysian fiction (Malay)
650 2 0 _aMalay fiction
710 2 _aJabatan Editorial P2u,
_eeditor.
942 _2ddc
_cB
949 _63000039128
949 _63000039129
999 _c189448
_d189448